000 01160cam a22002651 4500
001 ss 56000118
003 DLC
005 20260227112752.0
008 790412s1956 dcu f000 0 eng c
010 _ass 56000118
035 _a(OCoLC)4851887
040 _aU.S. Social Security Administration. Library
_cMChB
_dOCoLC
_dISS
_dDLC
042 _apremarc
050 0 0 _aHV9058
_b.W5
082 _a364.36
086 0 _aFS 3.209:356
100 1 _aWitmer, Helen Leland,
_eed.
245 1 0 _aNew perspectives for research on juvenile delinquency,
_ba report of a conference on the relevance and interrelations of certan concepts from sociology and psychiatry for delinquency, held May 6 and 7, 1955.
_cEditors, Helen L. Witmer [and] Ruth Kotinsky.
260 _aWashington,
_bU.S. Dept. of Health, Education, and Welfare, Social Securtiy Administration, Children's Bureau
_c[1956]
300 _avii, 92 p.
_c23 cm.
490 1 _aUnited States. Children's Bureau. Publication,
_vno. 356
650 0 _aJuvenile delinquency
_vCongresses.
700 1 _aKotinsky, Ruth,
_d1903-1955,
_eed.
830 0 _aBureau publication (United States. Children's Bureau) ;
_vno. 356.
999 _c90971
_d90971